000 00556nam a2200193Ia 4500
008 151119s9999||||xx |||||||||||||| ||und||
082 _a891.463
082 _bGKKV6748
100 _aदिघे प्रभाकर
245 _aसुडाची परंपरा
260 _a--
260 _b--
260 _c1991
600 _aदिघे प्रभाकर
630 _aसुडाची परंपरा
700 _aदिघे प्रभाकर
730 _aसुडाची परंपरा
942 _cBOOK
999 _c1061545
_d1061542